[Event "34th Leon Blitz Open 2021"]
[Site "chess.com INT"]
[Date "2021.07.07"]
[Round "4"]
[White "Zuriel, Marisa"]
[Black "Smirnov, Alexandr A."]
[Result "0-1"]
[WhiteTitle "WIM"]
[BlackTitle "FM"]
[WhiteElo "2203"]
[BlackElo "2136"]
[WhiteFideId "109142"]
[BlackFideId "24104396"]
[EventDate "2021.07.07"]

1. e4 a6 2. d4 b5 3. f4 Bb7 4. Bd3 e6 5. Nf3 c5 6. c3 Nf6 7. Qe2 Be7 8. O-O d6
9. Kh1 O-O 10. Nbd2 Nbd7 11. e5 Nd5 12. Ne4 cxd4 13. cxd4 N7b6 14. a3 Rc8 15.
exd6 Bxd6 16. Nxd6 Qxd6 17. Ne5 Nf6 18. Be3 Nbd5 19. Rad1 Nxe3 20. Qxe3 Rfd8 21.
Bb1 Qd5 22. Qh3 g6 23. Rf3 Qxd4 24. Rxd4 Rc1+ 0-1

[Event "34th Leon Blitz Open 2021"]
[Site "chess.com INT"]
[Date "2021.07.07"]
[Round "4"]
[White "Matveev, Vladimir3"]
[Black "Dobre, Claudiu-Cristian"]
[Result "1-0"]
[WhiteTitle "FM"]
[BlackTitle "IM"]
[WhiteElo "2344"]
[BlackElo "2314"]
[WhiteFideId "24130753"]
[BlackFideId "1211854"]
[EventDate "2021.07.07"]

1. d4 d5 2. c4 c6 3. Nf3 Nf6 4. Qb3 dxc4 5. Qxc4 Bf5 6. g3 e6 7. Bg2 Nbd7 8. O-O
Be7 9. Nc3 Ne4 10. Qb3 Qb6 11. e3 O-O 12. Nh4 Qxb3 13. axb3 Bxh4 14. gxh4 Nef6
15. e4 Bg6 16. Be3 Ng4 17. Bf3 Nxe3 18. fxe3 e5 19. h5 1-0

[Event "34th Leon Blitz Open 2021"]
[Site "chess.com INT"]
[Date "2021.07.07"]
[Round "4"]
[White "Baskin, Robert"]
[Black "Szente Varga, Fruzsina"]
[Result "1-0"]
[WhiteTitle "IM"]
[BlackTitle "WFM"]
[WhiteElo "2390"]
[BlackElo "2100"]
[WhiteFideId "24662402"]
[BlackFideId "712264"]
[EventDate "2021.07.07"]

1. Nf3 Nf6 2. c4 g6 3. Nc3 Bg7 4. e4 d6 5. d4 O-O 6. Be2 e5 7. Be3 Nc6 8. d5 Ne7
9. Nd2 Ne8 10. O-O f5 11. f3 f4 12. Bf2 g5 13. c5 h5 14. Nc4 Rf7 15. Rc1 Ng6 16.
cxd6 cxd6 17. Nb5 Bd7 18. Nbxd6 Nxd6 19. Nxd6 Qf6 20. Nxf7 Qxf7 21. Rc7 Kh7 22.
Bb5 Nf8 23. Bc5 Rd8 24. Bxf8 Bxf8 25. Qa4 Kh8 26. Rxd7 Rxd7 27. Bxd7 g4 28. fxg4
hxg4 29. Bxg4 Bc5+ 30. Kh1 Qg6 31. Qd7 Qh6 32. Qc8+ Kg7 33. Qxc5 1-0

[Event "34th Leon Blitz Open 2021"]
[Site "chess.com INT"]
[Date "2021.07.07"]
[Round "4"]
[White "Primbetov, Kazbek"]
[Black "Wiwatanadate, Poompong"]
[Result "0-1"]
[WhiteTitle "FM"]
[BlackTitle "FM"]
[WhiteElo "2207"]
[BlackElo "2043"]
[WhiteFideId "13702297"]
[BlackFideId "6201083"]
[EventDate "2021.07.07"]

1. f4 e5 2. fxe5 d6 3. exd6 Bxd6 4. Nf3 g5 5. e4 g4 6. e5 gxf3 7. exd6 Qh4+ 8.
g3 f2+ 9. Kxf2 Qd4+ 10. Ke1 Qxd6 11. Qe2+ Ne7 12. Nc3 Nc6 13. Ne4 Qg6 14. c3 Bg4
15. Qe3 O-O-O 16. Bg2 f5 17. Nf2 Nd5 18. Bxd5 Rhe8 19. Be4 fxe4 20. b3 Ne5 21.
Kf1 Nd3 22. Qxa7 Rf8 23. Qa8+ Kd7 24. Qa4+ c6 25. Qd4+ Kc8 0-1

[Event "34th Leon Blitz Open 2021"]
[Site "chess.com INT"]
[Date "2021.07.07"]
[Round "4"]
[White "Gorodetzky, David"]
[Black "Musovic, Armin"]
[Result "1-0"]
[WhiteTitle "IM"]
[BlackTitle "FM"]
[WhiteElo "2496"]
[BlackElo "2282"]
[WhiteFideId "2813416"]
[BlackFideId "939935"]
[EventDate "2021.07.07"]

1. Nf3 a6 2. d4 e6 3. e4 d5 4. Nc3 Nf6 5. Bd3 dxe4 6. Nxe4 Be7 7. Qe2 Nbd7 8.
O-O Nxe4 9. Qxe4 Nf6 10. Qe2 c5 11. dxc5 Bxc5 12. Ne5 Bd6 13. Bg5 O-O 14. Rad1
Qe7 15. Ng4 e5 16. Nxf6+ gxf6 17. Qe4 f5 18. Bxe7 fxe4 19. Bxf8 Bxf8 20. Bxe4
Rb8 21. Rd5 Be6 22. Rxe5 Bg7 23. Rh5 h6 24. b3 b5 25. Bd5 Bg4 26. Rh4 Bf5 27.
Rf4 Bg6 28. c4 Kf8 29. h4 h5 30. Rd1 Be5 31. Rf3 Rc8 32. Bxf7 Bxf7 33. Rd7 bxc4
34. Rfxf7+ Kg8 35. bxc4 Rxc4 36. g3 a5 37. Rfe7 Rc1+ 38. Kg2 1-0

[Event "34th Leon Blitz Open 2021"]
[Site "chess.com INT"]
[Date "2021.07.07"]
[Round "4"]
[White "Lorente Serrano, Rosa Adela"]
[Black "Rodriguez, Santiago"]
[Result "1-0"]
[WhiteTitle "WFM"]
[BlackTitle "CM"]
[WhiteElo "2022"]
[BlackElo "2252"]
[WhiteFideId "32091982"]
[BlackFideId "3000591"]
[EventDate "2021.07.07"]

1. Nf3 Nf6 2. g3 d5 3. Bg2 c5 4. O-O Nc6 5. d4 e6 6. c4 dxc4 7. dxc5 Qxd1 8.
Rxd1 Bxc5 9. Nbd2 c3 10. bxc3 Bd7 11. Nb3 Be7 12. Bb2 O-O 13. c4 Rfd8 14. Nfd4
Rac8 15. Nb5 Be8 16. c5 Nd5 17. a3 Na5 18. Nxa5 Bxb5 19. Nxb7 Ba6 20. Nxd8 Rxd8
21. e4 Nc7 22. Rxd8+ Bxd8 23. Rd1 Bf6 24. e5 Bg5 25. f4 Be7 26. Bd4 Nb5 27. Bf2
Kf8 28. a4 Nc3 29. Rd7 Nxa4 30. Rxa7 Nxc5 31. Ra8+ 1-0

[Event "34th Leon Blitz Open 2021"]
[Site "chess.com INT"]
[Date "2021.07.07"]
[Round "4"]
[White "Liyanage, Ranindu Dilshan"]
[Black "Topalov, Aleksandar"]
[Result "1-0"]
[WhiteTitle "CM"]
[BlackTitle "CM"]
[WhiteElo "2203"]
[BlackElo "2260"]
[WhiteFideId "9915834"]
[BlackFideId "925659"]
[EventDate "2021.07.07"]

1. e4 e6 2. d4 d5 3. Nd2 Nf6 4. e5 Ng8 5. Bd3 Ne7 6. f4 h5 7. Ngf3 g6 8. c4 Qd7
9. O-O dxc4 10. Nxc4 b6 11. Be4 Nd5 12. Bxd5 Qxd5 13. Ne3 Qd7 14. d5 Bc5 15.
dxe6 Qxe6 16. Kh1 Bb7 17. f5 gxf5 18. Ng5 Qd7 19. Qb3 Nc6 20. Nxf5 O-O-O 21.
Nxf7 Na5 22. Qh3 Rhf8 23. e6 Qd3 24. N5d6+ Rxd6 25. Nxd6+ Bxd6 26. e7+ Qxh3 27.
Rxf8+ 1-0

[Event "34th Leon Blitz Open 2021"]
[Site "chess.com INT"]
[Date "2021.07.07"]
[Round "4"]
[White "Priasmoro, Novendra"]
[Black "Agrest, Inna"]
[Result "1-0"]
[WhiteTitle "GM"]
[BlackTitle "WIM"]
[WhiteElo "2502"]
[BlackElo "2276"]
[WhiteFideId "7105029"]
[BlackFideId "1708830"]
[EventDate "2021.07.07"]

1. e4 e5 2. Nf3 Nc6 3. Bb5 a6 4. Ba4 Nf6 5. O-O b5 6. Bb3 Bc5 7. a4 Rb8 8. c3 d6
9. d4 Bb6 10. a5 Ba7 11. Re1 O-O 12. Be3 exd4 13. cxd4 Bg4 14. d5 Bxe3 15. dxc6
Ba7 16. Nc3 Re8 17. h3 Bh5 18. Qd3 h6 19. Nd2 Bg6 20. Re2 Nh5 21. Nd5 Rc8 22.
Rae1 Qg5 23. Kh2 Nf4 24. Nxf4 Qxf4+ 25. g3 Qf6 26. Nf3 Re7 27. Bd5 Rce8 28. Kg2
Bh5 29. g4 Bg6 30. b4 Bh7 31. Qd2 Bg6 32. h4 Bh7 33. g5 Qg6 34. Qf4 h5 35. e5
Qf5 36. Qxf5 Bxf5 37. exd6 Rxe2 38. Rxe2 Rd8 39. d7 Kf8 40. Ne5 f6 41. Nf7 1-0

[Event "34th Leon Blitz Open 2021"]
[Site "chess.com INT"]
[Date "2021.07.07"]
[Round "4"]
[White "Rosenberg, Evan S"]
[Black "Kostrikina, Anna"]
[Result "1-0"]
[BlackTitle "WFM"]
[WhiteElo "2125"]
[BlackElo "2161"]
[WhiteFideId "2019299"]
[BlackFideId "4176219"]
[EventDate "2021.07.07"]

1. Nf3 c5 2. e4 Nc6 3. Bb5 g6 4. Bxc6 bxc6 5. O-O Bg7 6. Qe2 e5 7. d3 Ne7 8. Be3
d6 9. h3 O-O 10. b3 f5 11. Bc1 fxe4 12. dxe4 d5 13. Ba3 dxe4 14. Ng5 Bf5 15. Rd1
Qa5 16. Qc4+ Nd5 17. g4 h6 18. gxf5 hxg5 19. fxg6 1-0

[Event "34th Leon Blitz Open 2021"]
[Site "chess.com INT"]
[Date "2021.07.07"]
[Round "4"]
[White "Ibrahimli, Murad"]
[Black "Kamsky, Gata"]
[Result "1/2-1/2"]
[WhiteTitle "IM"]
[BlackTitle "GM"]
[WhiteElo "2436"]
[BlackElo "2658"]
[WhiteFideId "13410229"]
[BlackFideId "2000024"]
[EventDate "2021.07.07"]

1. d4 Nf6 2. c4 e6 3. Nc3 Bb4 4. e3 O-O 5. Bd3 d5 6. Ne2 c5 7. O-O cxd4 8. exd4
dxc4 9. Bxc4 Nc6 10. a3 Be7 11. Qd3 a6 12. Ba2 b5 13. d5 exd5 14. Nxd5 Nxd5 15.
Qxd5 Qxd5 16. Bxd5 Bb7 17. Nc3 Rfd8 18. Be3 Bf6 19. Bb6 Rd7 20. Rad1 Bxc3 21.
bxc3 Ne5 22. Ba2 Rxd1 23. Rxd1 Nc4 24. Bxc4 bxc4 25. f3 Bc6 26. Kf2 Re8 27. Rd6
Bb5 28. Bd4 f6 29. g4 h6 30. h4 Re7 31. Kg3 Kf7 32. Rb6 Re6 33. h5 Rxb6 34. Bxb6
g6 35. hxg6+ Kxg6 36. Kf4 Bc6 37. Bd4 Bb7 1/2-1/2

[Event "34th Leon Blitz Open 2021"]
[Site "chess.com INT"]
[Date "2021.07.07"]
[Round "4"]
[White "Glek, Igor"]
[Black "Pham, Le Thao Nguyen"]
[Result "1-0"]
[WhiteTitle "GM"]
[BlackTitle "IM"]
[WhiteElo "2476"]
[BlackElo "2369"]
[WhiteFideId "4100484"]
[BlackFideId "12401226"]
[EventDate "2021.07.07"]

1. e4 c6 2. d4 d5 3. e5 Bf5 4. h4 h5 5. c4 e6 6. Nc3 Nd7 7. cxd5 cxd5 8. Bg5 Qb6
9. Qd2 a6 10. Nge2 Ne7 11. Ng3 Bg6 12. Be2 Nf5 13. Nxf5 Bxf5 14. O-O f6 15. exf6
gxf6 16. Be3 Kf7 17. g3 Be7 18. Bf3 Bb4 19. Rac1 Bg6 20. a3 Bxc3 21. Rxc3 Rac8
22. Rfc1 Rc6 23. Rxc6 bxc6 24. b4 e5 25. dxe5 Nxe5 26. Bxd5+ cxd5 27. Qxd5+ Qe6
28. Rc7+ 1-0

[Event "34th Leon Blitz Open 2021"]
[Site "chess.com INT"]
[Date "2021.07.07"]
[Round "4"]
[White "Dang, Hoang Son"]
[Black "Gallegos Diaz, Carlos Alberto"]
[Result "1-0"]
[WhiteTitle "FM"]
[BlackTitle "IM"]
[WhiteElo "2363"]
[BlackElo "2374"]
[WhiteFideId "12402435"]
[BlackFideId "3900886"]
[EventDate "2021.07.07"]

1. e4 d6 2. Nf3 Nf6 3. Nc3 c6 4. d4 Qa5 5. Bd3 e5 6. O-O Be7 7. a3 O-O 8. dxe5
dxe5 9. Bg5 Nbd7 10. Qe2 b5 11. Nd2 a6 12. f4 Qc7 13. f5 Re8 14. Kh1 Bb7 15. g4
c5 16. Bxf6 Bxf6 17. Nd5 Bxd5 18. exd5 e4 19. Bxe4 Bxb2 20. Rad1 Nf6 21. Qg2 Qe5
22. Bf3 Rad8 23. c4 Bc3 24. g5 Nd7 25. Ne4 Bd4 26. f6 bxc4 27. fxg7 Qxg7 28. Bh5
Ne5 29. Nf6+ Kh8 30. Nxe8 Rxe8 31. d6 Rd8 32. Qd5 c3 33. h4 c2 34. Rc1 h6 35.
Rxc2 hxg5 36. hxg5 Kg8 37. g6 Nxg6 38. Bxg6 Qh6+ 39. Rh2 Qxg6 40. Rg2 1-0

[Event "34th Leon Blitz Open 2021"]
[Site "chess.com INT"]
[Date "2021.07.07"]
[Round "4"]
[White "Araujo Sanchez, Josue"]
[Black "Mikhnenko, Alexander"]
[Result "0-1"]
[WhiteTitle "IM"]
[BlackTitle "CM"]
[WhiteElo "2310"]
[BlackElo "2065"]
[WhiteFideId "6416896"]
[BlackFideId "34143014"]
[EventDate "2021.07.07"]

1. e4 c5 2. Nf3 e6 3. d4 cxd4 4. Nxd4 Qb6 5. Nb3 Qc7 6. Nc3 a6 7. Bd3 Nf6 8. O-O
Nc6 9. Be3 b5 10. Re1 Bd6 11. Bxb5 Bxh2+ 12. Kh1 axb5 13. Nxb5 Qe5 14. a4 Bf4
15. Bxf4 Qxf4 16. g3 Qh6+ 17. Kg2 O-O 18. e5 Nd5 19. c4 Ndb4 20. Rh1 Qg6 21. Qe2
Bb7 22. f3 Rab8 23. Nc5 Nc2 24. Raf1 N6d4 25. Qd2 Nf5 26. g4 Qxg4+ 27. Kf2 Qxf3+ 0-1

[Event "34th Leon Blitz Open 2021"]
[Site "chess.com INT"]
[Date "2021.07.07"]
[Round "4"]
[White "Harshavardhan, G B"]
[Black "Sviridova, Vlada"]
[Result "1-0"]
[WhiteTitle "IM"]
[BlackTitle "WFM"]
[WhiteElo "2397"]
[BlackElo "2144"]
[WhiteFideId "25059009"]
[BlackFideId "24109606"]
[EventDate "2021.07.07"]

1. d4 d5 2. c4 c6 3. Nf3 Nf6 4. Nc3 dxc4 5. a4 Bf5 6. Ne5 Nbd7 7. Nxc4 Qc7 8. g3
e5 9. dxe5 Nxe5 10. Bf4 Nfd7 11. Bg2 g5 12. Nxe5 gxf4 13. Nxd7 O-O-O 14. Qd4
Qxd7 15. Qxf4 Bd6 16. Qc1 h5 17. h4 Rhg8 18. O-O Bc7 19. a5 a6 20. Ra4 Bh3 21.
Rd1 Qe6 22. Rxd8+ Kxd8 23. Re4 Qf5 24. Qe3 Bxg2 25. Kxg2 Qxa5 26. Qd3+ Kc8 27.
Re7 Kb8 28. Rxf7 Qb4 29. Rxc7 Kxc7 30. Qh7+ Kb8 31. Qxg8+ Ka7 32. Qa2 Qd4 33. e4
b5 34. Qe6 b4 35. Na4 Kb7 36. Qe7+ Kc8 37. Nc5 a5 38. e5 Qxb2 39. Qd7+ 1-0

[Event "34th Leon Blitz Open 2021"]
[Site "chess.com INT"]
[Date "2021.07.07"]
[Round "4"]
[White "Roman, Rodrigo"]
[Black "Krishnakumar, Sriram"]
[Result "1-0"]
[WhiteTitle "CM"]
[BlackTitle "CM"]
[WhiteElo "2071"]
[BlackElo "2035"]
[WhiteFideId "3701220"]
[BlackFideId "30915856"]
[EventDate "2021.07.07"]

1. c4 e5 2. Nc3 Nf6 3. Nf3 Nc6 4. e3 Bb4 5. Qc2 O-O 6. Nd5 Bc5 7. a3 a5 8. h4 h5
9. Ng5 g6 10. Bd3 Kg7 11. b3 d6 12. Bb2 Nxd5 13. cxd5 Ne7 14. f4 f6 15. fxe5
fxe5 16. Bxe5+ dxe5 17. Qxc5 Nxd5 18. Rc1 Bg4 19. Be4 c6 20. Bxd5 cxd5 21. Qc7+
Qxc7 22. Rxc7+ Kg8 23. Rf1 Rxf1+ 24. Kxf1 Rf8+ 25. Ke1 b6 26. Rc6 Kg7 27. Rxb6
d4 28. Rb5 Bf5 29. Rxe5 Bd3 30. Nf3 dxe3 31. dxe3 Rb8 32. Rxa5 Rxb3 33. Ra7+ Kg8
34. a4 Be4 35. Kf2 Rb2+ 36. Kg3 Re2 37. Re7 Bc6 38. a5 Ra2 39. Re6 Bd5 40. Rxg6+
Kh7 41. Rg5 Bxf3 42. gxf3 Kh6 43. e4 Ra3 44. Rb5 Ra1 45. Rb6+ Kg7 46. a6 Rg1+
47. Kf4 Ra1 48. Kg5 Ra5+ 49. Kf4 Ra1 50. e5 Kf7 51. Kf5 Ra5 52. Rb7+ Ke8 53. a7 1-0

[Event "34th Leon Blitz Open 2021"]
[Site "chess.com INT"]
[Date "2021.07.07"]
[Round "4"]
[White "Gabriel, Robert"]
[Black "Golubev, Mikhail"]
[Result "0-1"]
[WhiteTitle "FM"]
[BlackTitle "GM"]
[WhiteElo "2236"]
[BlackElo "2461"]
[WhiteFideId "4606477"]
[BlackFideId "14100983"]
[EventDate "2021.07.07"]

1. d4 g6 2. e4 Bg7 3. Nc3 d6 4. Nf3 Nf6 5. h3 O-O 6. Be3 c6 7. Qd2 Nbd7 8. Bh6
e5 9. dxe5 Nxe5 10. Nxe5 dxe5 11. Bxg7 Kxg7 12. Qxd8 Rxd8 13. Bd3 Be6 14. Ke2
Nd7 15. Ke3 b5 16. a3 a5 17. Rhd1 Nb6 18. b3 Kf6 19. h4 h6 20. f3 g5 21. hxg5+
hxg5 22. g3 a4 23. b4 Bc4 24. f4 gxf4+ 25. gxf4 Rh8 26. Rh1 Rag8 27. fxe5+ Kxe5
28. Rxh8 Rxh8 29. Rf1 Rh3+ 30. Rf3 Rxf3+ 31. Kxf3 Bxd3 32. cxd3 Kd4 33. Ne2+
Kxd3 34. e5 Nc4 35. Nf4+ Kd4 36. e6 fxe6 37. Nxe6+ Kc3 38. Nd8 Nxa3 39. Nxc6 Nc2
40. Ke4 a3 41. Na7 Nd4 0-1

[Event "34th Leon Blitz Open 2021"]
[Site "chess.com INT"]
[Date "2021.07.07"]
[Round "4"]
[White "Filip, Lucian-Ioan"]
[Black "Khanin, Semen"]
[Result "1-0"]
[WhiteTitle "IM"]
[BlackTitle "IM"]
[WhiteElo "2431"]
[BlackElo "2517"]
[WhiteFideId "1208900"]
[BlackFideId "4111990"]
[EventDate "2021.07.07"]

1. Nf3 c5 2. c4 Nc6 3. Nc3 g6 4. e3 Bg7 5. d4 cxd4 6. exd4 d6 7. d5 Ne5 8. Nd4
Nf6 9. h3 O-O 10. Be2 a6 11. a4 Ned7 12. O-O Nc5 13. Bf3 a5 14. Re1 Nfd7 15.
Ncb5 Ne5 16. Be2 h6 17. f4 Ned7 18. Ra3 Nf6 19. Re3 Re8 20. Bf3 Bd7 21. b3 Nh7
22. Kh2 Rc8 23. Bd2 Qb6 24. Bc3 Kf8 25. Qd2 g5 26. Bxa5 Qa6 27. g3 gxf4 28. gxf4
b6 29. Bc3 Nf6 30. Rg1 Bxb5 31. Qg2 Bh8 32. axb5 Qa7 33. Nc6 Rxc6 34. Bxf6 1-0

[Event "34th Leon Blitz Open 2021"]
[Site "chess.com INT"]
[Date "2021.07.07"]
[Round "4"]
[White "Sarkar, Justin"]
[Black "Bykov, Egor"]
[Result "1-0"]
[WhiteTitle "IM"]
[BlackTitle "FM"]
[WhiteElo "2338"]
[BlackElo "2420"]
[WhiteFideId "2010011"]
[BlackFideId "34115290"]
[EventDate "2021.07.07"]

1. e4 e5 2. Nc3 Nf6 3. f4 d5 4. fxe5 Nxe4 5. Qf3 Nxc3 6. bxc3 c5 7. Bb5+ Nc6 8.
Ne2 Be6 9. Bxc6+ bxc6 10. O-O Be7 11. Nf4 Qd7 12. d3 O-O 13. Qg3 Kh8 14. Nh5 Rg8
15. Bg5 d4 16. Bxe7 Qxe7 17. c4 Rab8 18. Rab1 Rb6 19. Rb3 Qd7 20. h3 Bf5 21. Qf4
Bg6 22. Ng3 Re8 23. h4 h5 24. Rfb1 Rxb3 25. axb3 Qe6 26. Re1 f6 27. Qf3 fxe5 28.
Nxh5 Rf8 29. Qxf8+ 1-0

[Event "34th Leon Blitz Open 2021"]
[Site "chess.com INT"]
[Date "2021.07.07"]
[Round "4"]
[White "Nefedov, Sergey"]
[Black "Lobanov, Sergei"]
[Result "0-1"]
[WhiteTitle "FM"]
[BlackTitle "IM"]
[WhiteElo "2313"]
[BlackElo "2514"]
[WhiteFideId "24113417"]
[BlackFideId "24183750"]
[EventDate "2021.07.07"]

1. d4 Nf6 2. Nf3 e6 3. c4 d5 4. Nc3 Bb4 5. Qb3 a5 6. Bg5 c5 7. cxd5 a4 8. Qc2 a3
9. Bd2 O-O 10. e3 cxd4 11. Nxd4 e5 12. Ndb5 axb2 13. Qxb2 Ba5 14. Bc4 Nbd7 15.
O-O Nb6 16. Qb3 Bf5 17. d6 Qd7 18. Rfd1 Nxc4 19. Qxc4 Rfc8 20. Qb3 Bd3 21. a4 e4
22. Nd5 Nxd5 23. Qxd5 Bxd2 24. Rxd2 Bxb5 25. Qxe4 Bc6 26. Qd4 Ra5 27. e4 Re8 28.
f3 f5 29. Re2 Rae5 30. Rae1 fxe4 31. fxe4 Bxa4 32. Rf1 Bc6 33. Qc4+ Qe6 34. Qd4
Rxe4 35. Rxe4 Qxe4 36. Qf2 Qd5 37. Qf7+ Qxf7 0-1

[Event "34th Leon Blitz Open 2021"]
[Site "chess.com INT"]
[Date "2021.07.07"]
[Round "4"]
[White "Delgadillo, Adonay"]
[Black "Vazquez, Facundo"]
[Result "0-1"]
[WhiteTitle "FM"]
[BlackTitle "CM"]
[WhiteElo "2236"]
[BlackElo "2199"]
[WhiteFideId "3301915"]
[BlackFideId "3007669"]
[EventDate "2021.07.07"]

1. e4 c5 2. Nf3 Nc6 3. d4 cxd4 4. Nxd4 Nf6 5. Nc3 e5 6. Ndb5 d6 7. Nd5 Nxd5 8.
exd5 Nb8 9. a4 Be7 10. Be2 O-O 11. Be3 a6 12. Na3 a5 13. O-O Nd7 14. c3 f5 15.
f3 Bg5 16. Bf2 Qf6 17. b4 Bh4 18. g3 Bg5 19. Nb5 f4 20. Nc7 Rb8 21. Ne6 Rf7 22.
Nxg5 Qxg5 23. h4 Qe7 24. g4 e4 25. fxe4 Ne5 26. Bf3 Bd7 27. bxa5 Rc8 28. Ra3 Rc4
29. Kh2 Rxe4 30. Bxe4 Nxg4+ 31. Qxg4 Bxg4 32. Re1 Qf6 33. Rg1 Bf5 34. Bf3 Re7
35. Rg5 h6 36. Bd4 hxg5 37. Bxf6 gxf6 38. hxg5 fxg5 39. c4 g4 40. Bd1 Re1 41.
Ra1 g3+ 42. Kg2 Be4+ 43. Kh3 g2 0-1

[Event "34th Leon Blitz Open 2021"]
[Site "chess.com INT"]
[Date "2021.07.07"]
[Round "4"]
[White "Vasquez Schroeder, Rodrigo"]
[Black "Gimenez Aguirre, Alejo Ismael"]
[Result "1-0"]
[WhiteTitle "GM"]
[BlackTitle "IM"]
[WhiteElo "2459"]
[BlackElo "2265"]
[WhiteFideId "3400042"]
[BlackFideId "32041667"]
[EventDate "2021.07.07"]

1. e4 c5 2. Nf3 d6 3. d4 cxd4 4. Nxd4 g6 5. c4 Bg7 6. Be3 Nc6 7. Nc3 Nf6 8. Be2
h5 9. h3 Nxd4 10. Bxd4 O-O 11. O-O Qa5 12. Qd3 Bd7 13. a3 Rfc8 14. b4 Qd8 15.
Rac1 a5 16. f4 axb4 17. axb4 Be6 18. Nb5 Bd7 19. e5 Ne8 20. Nc3 Be6 21. Ne4 dxe5
22. fxe5 Ra2 23. Rfd1 Qc7 24. Nc5 Bf5 25. Qe3 Kh7 26. Ra1 Rca8 27. Rxa2 Rxa2 28.
Bf1 Bh6 29. Qf3 b6 30. Ne4 Ng7 31. Nc3 Rc2 32. Nd5 Qb7 33. Nf6+ exf6 34. Qxb7
fxe5 35. Bxe5 Be6 36. Qe4 Bf5 37. Qd4 Ne6 38. Qxb6 Ra2 39. Qb7 Ng5 40. h4 Be4
41. Qb6 Ne6 42. Rd7 Kg8 43. Rd8+ Nxd8 44. Qxd8+ Bf8 45. Qf6 Bc5+ 46. bxc5 1-0

[Event "34th Leon Blitz Open 2021"]
[Site "chess.com INT"]
[Date "2021.07.07"]
[Round "4"]
[White "Nguyen, Ngoc Truong Son"]
[Black "Iskusnyh, Sergei"]
[Result "1-0"]
[WhiteTitle "GM"]
[BlackTitle "GM"]
[WhiteElo "2641"]
[BlackElo "2473"]
[WhiteFideId "12401110"]
[BlackFideId "4120027"]
[EventDate "2021.07.07"]

1. d4 d5 2. Nf3 Nf6 3. Bf4 c5 4. e3 Nc6 5. Nbd2 cxd4 6. exd4 Bf5 7. c3 e6 8. Nh4
Be4 9. Nxe4 Nxe4 10. Nf3 Bd6 11. Be3 O-O 12. Bd3 f5 13. O-O Kh8 14. h3 Qf6 15.
Re1 Rae8 16. Qb3 Rf7 17. c4 f4 18. Bc1 Nxd4 19. Qd1 Nxf3+ 20. Qxf3 Ng5 21. Qg4
dxc4 22. Bxc4 h6 23. h4 Nh7 24. Bd2 Qd4 25. Bxe6 Qxd2 26. Red1 Qxb2 27. Bxf7 Rd8
28. Rab1 Qc2 29. Bg6 Qxa2 30. Bxh7 Kxh7 31. Rxb7 Qa4 32. Qxg7# 1-0

[Event "34th Leon Blitz Open 2021"]
[Site "chess.com INT"]
[Date "2021.07.07"]
[Round "4"]
[White "Arias, Juan Cruz"]
[Black "Fernandez, Daniel Howard"]
[Result "0-1"]
[WhiteTitle "CM"]
[BlackTitle "GM"]
[WhiteElo "2277"]
[BlackElo "2487"]
[WhiteFideId "118540"]
[BlackFideId "5801605"]
[EventDate "2021.07.07"]

1. e4 g6 2. d4 Bg7 3. Nc3 a6 4. a4 d6 5. h3 Nf6 6. Nf3 O-O 7. Be2 b6 8. O-O Bb7
9. Bd3 e6 10. Re1 Nbd7 11. b3 c5 12. e5 dxe5 13. dxe5 Nd5 14. Nxd5 Bxd5 15. Bf4
Qc7 16. Qe2 Bxf3 17. Qxf3 Bxe5 18. Rxe5 Nxe5 19. Qe2 f6 20. Bxa6 Rad8 21. Re1
Rd4 22. Be3 Re4 23. f3 Rxe3 24. Qxe3 g5 25. Bc4 Re8 26. Be2 Kg7 27. f4 gxf4 28.
Qxf4 Qf7 29. Bb5 Rd8 30. Re3 Rd4 31. Rg3+ Ng6 32. Qb8 Rd1+ 33. Kh2 f5 34. Bc4 f4
35. Rf3 Qf6 36. Qc7+ Kh6 37. Qxb6 Ne5 38. Rf2 Ng4+ 0-1

[Event "34th Leon Blitz Open 2021"]
[Site "chess.com INT"]
[Date "2021.07.07"]
[Round "4"]
[White "Mogirzan, Matei-Valeriu"]
[Black "Yilmaz, Mustafa"]
[Result "0-1"]
[WhiteTitle "CM"]
[BlackTitle "GM"]
[WhiteElo "1813"]
[BlackElo "2630"]
[WhiteFideId "1257455"]
[BlackFideId "6302718"]
[EventDate "2021.07.07"]

1. d4 d5 2. c4 e6 3. Nc3 c6 4. Nf3 dxc4 5. e4 b5 6. e5 Bb7 7. Bg5 Qb6 8. Be2 Ne7
9. O-O Nd7 10. a4 a6 11. Ne4 Ng6 12. h4 h6 13. h5 hxg5 14. hxg6 f6 15. exf6 gxf6
16. g7 Bxg7 17. Nd6+ Ke7 18. Nxb7 Qxb7 19. Re1 Qc7 20. g3 Qd6 21. Nh2 f5 22. Bf3
Nf6 23. Qe2 Kf7 24. Rad1 g4 25. Bg2 Rh6 26. Nf1 Rah8 27. axb5 axb5 28. Ra1 Nd5
29. Ra7+ Kg8 30. Ne3 Nxe3 31. Qxe3 Rg6 32. Ra8+ Kh7 33. Rxh8+ Bxh8 34. Bh1 Bxd4
35. Qe2 Qxg3+ 36. Kf1 Qh2 37. Bg2 e5 38. Ra1 Qf4 39. Ra8 e4 40. Qe1 Bxb2 41. Qd1
Rd6 42. Qe1 Qc1 43. Ra7+ Kg6 44. Qxc1 Bxc1 45. Bxe4 fxe4 46. Ra1 Bb2 47. Re1 c3
48. Rxe4 c2 49. Rxg4+ Kf5 50. Rg3 c1=Q+ 51. Kg2 Qf4 52. f3 Rd2+ 53. Kh3 Qh6# 0-1

[Event "34th Leon Blitz Open 2021"]
[Site "chess.com INT"]
[Date "2021.07.07"]
[Round "4"]
[White "Bures, Vit"]
[Black "Kadam, Om Manish"]
[Result "0-1"]
[WhiteTitle "CM"]
[BlackTitle "CM"]
[WhiteElo "2144"]
[BlackElo "2114"]
[WhiteFideId "309052"]
[BlackFideId "45076294"]
[EventDate "2021.07.07"]

1. d4 Nf6 2. c4 g6 3. Nc3 d5 4. cxd5 Nxd5 5. e4 Nxc3 6. bxc3 Bg7 7. Nf3 c5 8.
Be3 O-O 9. Be2 Nc6 10. O-O Qc7 11. Rc1 Rd8 12. Qa4 Bd7 13. Qa3 Na5 14. h3 Rac8
15. dxc5 Be6 16. Nd4 Bc4 17. Rfe1 Bxe2 18. Nxe2 Nc4 19. Qb4 Nxe3 20. fxe3 Qxc5
21. Nd4 Qxb4 22. cxb4 Rxc1 23. Rxc1 Bxd4 24. exd4 Rxd4 25. a3 Rxe4 26. Rc7 Re3
27. Rxb7 Rxa3 28. Rxe7 Kg7 29. Kf2 h5 30. Rb7 h4 31. Rc7 Kg8 32. Rb7 Kg7 33. Rc7
Kf6 34. Rb7 Ke6 35. Rc7 f5 36. Rg7 Kf6 37. Rb7 g5 38. Rb5 g4 39. hxg4 fxg4 40.
Rh5 g3+ 41. Ke2 Ra2+ 42. Kf3 Rf2+ 43. Ke3 Rxg2 44. Rxh4 Rb2 45. Rg4 g2 46. Kd3
Kf5 47. Rg7 Kf4 48. Kc3 Re2 49. Kc4 Kf3 50. Kb5 Kf2 51. Rf7+ Ke1 52. Rg7 Kf1 53.
Rf7+ Rf2 54. Rg7 g1=Q 0-1